000
00195 a2200109 4500
020
_a
978145581191
041
_a
eng
100
_a
Sandra Brown
245
_a
Friction
942
_c
BK
952
_7
4
999
_c
16647
_d
16647